000 01621nam a2200397Ia 4500
001 ebr10218240
003 CaPaEBR
006 m u
007 cr cn|||||||||
008 050613s2005 enk fsb 001 0 eng d
020 _z9781412912686
020 _z9781847878359
020 _z1412912679 (hbk.)
020 _z1412912687 (pbk.)
040 _aCaPaEBR
_cCaPaEBR
035 _a(OCoLC)276373339
050 1 4 _aKD7524
_b.B66 2005eb
100 1 _aBond, Tim,
_d1949-
245 1 0 _aTherapists in court
_h[electronic resource] :
_bproviding evidence and supporting witnesses /
_cTim Bond and Amanpreet Sandhu.
260 _aLondon ;
_aThousand Oaks, Ca :
_bSage,
_c2005.
300 _avii, 132 p.
490 1 _aLegal resources for counsellors and psychotherapists ;
_v1
500 _a"British Association for Counselling and Psychotherapy."
504 _aIncludes bibliographical references and index.
533 _aElectronic reproduction.
_bPalo Alto, Calif. :
_cebrary,
_d2009.
_nAvailable via World Wide Web.
_nAccess may be limited to ebrary affiliated libraries.
650 0 _aEvidence, Expert
_zEngland.
650 0 _aEvidence, Expert
_zWales.
650 0 _aWitnesses
_zEngland.
650 0 _aWitnesses
_zWales.
655 7 _aElectronic books.
_2local
700 1 _aSandhu, Amanpreet.
710 2 _aBritish Association for Counselling and Psychotherapy.
710 2 _aebrary, Inc.
830 0 _aLegal resources for counsellors and psychotherapists ;
_v1.
856 4 0 _uhttp://site.ebrary.com/lib/rucke/Doc?id=10218240
_zAn electronic book accessible through the World Wide Web; click to view
999 _c240540
_d240540